Historia y Ciencias Sociales 4º Educación Media: guía didáctica para el profesor. Incluye texto para el estudiante
Guardat en:
| Autors principals: | , , , |
|---|---|
| Format: | Llibre |
| Idioma: | espanyol |
| Publicat: |
Santiago
Santillana del Pacífico S.A
2009
|
| Matèries: | |
| Etiquetes: |
Afegir etiqueta
Sense etiquetes, Sigues el primer a etiquetar aquest registre!
|
MARC
| LEADER | 00000nam a2200000 a 4500 | ||
|---|---|---|---|
| 001 | UCG3644 | ||
| 003 | CL-VaPUC | ||
| 008 | 100909e20090000CL |||||||||||||||||spa|d | ||
| 020 | |a 9789561514768 | ||
| 082 | 0 | 4 | |a 900.712 |b ITU |2 21 |
| 100 | |a Iturriaga Echeverría, Jorge |e author |9 553382 | ||
| 700 | 0 | |a Fernández Labbé, Marcos |e author |9 552941 | |
| 700 | |a Mancilla Vergara, Arturo Guillermo |e author |9 771866 | ||
| 700 | 0 | |a Reyes del Villar, Soledad |e author |9 552943 | |
| 245 | 1 | 0 | |a Historia y Ciencias Sociales 4º Educación Media: guía didáctica para el profesor. Incluye texto para el estudiante |
| 300 | |a 288 p | ||
| 942 | |c BK | ||
| 945 | |d 20100909 00:00:00 |a mfarfan | ||
| 260 | |a Santiago |b Santillana del Pacífico S.A |c 2009 | ||
| 650 | 0 | |a Enseñanza de la historia |9 307330 | |
| 650 | 0 | |a Enseñanza de la geografía |9 310005 | |
| 650 | 0 | |a Historia universal |9 266877 | |
| 650 | 0 | |a Libros de texto |9 270019 | |
| 583 | |a last modification |c 20180314 11:04:19 |k Rodrigo Vera | ||
| 999 | |c 342691 |d 342689 | ||
| 952 | |0 0 |1 0 |4 0 |6 900_712000000000000_ITU_2009 |7 0 |8 A |9 439155 |a BIBHIS |b BIBHIS |d 2019-11-22 |i 4703057 |o 900.712 ITU 2009 |p 4703057 |r 2025-01-20 |w 2019-11-22 |y BK |k HIS | ||
| 952 | |0 0 |1 0 |4 0 |6 900_712000000000000_ITU_2009 |7 0 |8 A |9 439156 |a BIBHIS |b BIBHIS |d 2019-11-22 |i 4703065 |o 900.712 ITU 2009 |p 4703065 |r 2025-01-20 |w 2019-11-22 |y BK |k HIS | ||
| 952 | |0 0 |1 0 |4 0 |6 900_712000000000000_ITU_2009 |7 0 |8 A |9 439157 |a BIBHIS |b BIBHIS |d 2019-11-22 |i 4703073 |o 900.712 ITU 2009 |p 4703073 |r 2025-01-20 |w 2019-11-22 |y BK |k HIS | ||